00482nam a2200133Ia 4500020001800000082001800018245010100036260003500137300001600172650002200188650002100210650003000231710008700261 a92-1-151295-6 a371.822 UNI-; 0aWomen's education & fertility behaviour: recent evidence from the demographic and health surveys aNew YorkbUnited Nationsc1995 aviii, 113p. aWomen - Education aFertility, Human aWomen - Social conditions aUnited Nations. Department for Economic and Social Information and Policy Analysis